000 00542nam a22001697a 4500
005 20231130094723.0
008 231130b |||||||| |||| 00| 0 eng d
020 _a9982110047
041 _aEnglish
082 _a339.3688 AUL
100 _lEnglish
245 _aEconomic Development Strategies for Indpendent Namibia /
_cedited by NK Duggal
260 _aLusaka :
_bUnited Nations Institute for Namibia,
_c1989
300 _bx, 213 pages ;
_c24 cm.
650 _aLegal practice
_bLaw
942 _cBK
_6ALISON_BN_VRIES
999 _c1080
_d1080